XWP Royal Rumble Season 1 Entrants - Statistics

General Stats
  • This quiz has been taken 17 times
  • The average score is 17 of 30
Answer Stats
Hint Answer % Correct
4 Chris Jericho
100%
7 Gore
67%
18 Jacob Cass
67%
24 Mr. X
67%
22 Angel Alexander
56%
25 Arrow
56%
5 Connor
56%
10 Creep-E
56%
1 Demon Spyke
56%
17 Duncan Cunner
56%
14 Francaios
56%
30 Ginji
56%
16 Jake Navor
56%
6 Jay Samoa
56%
28 Kenny Taylor
56%
8 Kev Deisal
56%
26 Kid Wild
56%
15 Mahadi Khan
56%
21 Matteo
56%
27 Morpheus
56%
29 Mr Macho
56%
3 Perkins
56%
20 PJ Skillz
56%
12 Roacher
56%
9 Scott Razor
56%
11 Sean Avery
56%
2 Seth Turner
56%
19 Straight Code Star
56%
13 Stunning Bradd
56%
23 Zack Thompson
56%
No matching quizzes found
Score Distribution
Percent of People with Each Score
Percentile by Number Answered
Your Score History
You have not taken this quiz